| 000 | 00506nam a22001817a 4500 | ||
|---|---|---|---|
| 005 | 20230920152501.0 | ||
| 008 | 230911b |||||||| |||| 00| 0 eng d | ||
| 020 | _a9788179102312 | ||
| 082 |
_a333.953 _bSAT-B |
||
| 100 | _aSatish Kumar.Mehla | ||
| 245 | _aBio-Fuels :Marketing Strategies and Impact on Rural Development | ||
| 260 |
_aIndia _bAavishkar Publishers,Distributors _c2008 |
||
| 300 | _a284 | ||
| 500 | _aInclude Index | ||
| 650 | _aEconomics | ||
| 700 | _aSatish Kumar Mehla | ||
| 999 |
_c33507 _d33507 |
||